| 000 | 00475pab a2200157 454500 | ||
|---|---|---|---|
| 008 | 180718b2003 xxu||||| |||| 00| 0 eng d | ||
| 100 | _aTenhunen, Sipra | ||
| 245 | _aCulture and political agency: gender, kinship and village politics in West Bengal | ||
| 260 | _c2003 | ||
| 300 | _ap.495-520. | ||
| 362 | _aSep-Dec | ||
| 650 | _aWest Bengal - Politics and government | ||
| 650 | _aPolitics and government | ||
| 773 | _aContributions to Indian Sociology | ||
| 909 | _a58473 | ||
| 999 |
_c58473 _d58473 |
||